С веком наравне: сборник
| Idioma: | russo |
|---|---|
| Publicado em: |
Москва, Молодая гвардия, 1966-
|
| Formato: | Livro |
| KOHA link: | https://koha.lib.tpu.ru/cgi-bin/koha/opac-detail.pl?biblionumber=107150 |
MARC
| LEADER | 00000nam1a2200000 4500 | ||
|---|---|---|---|
| 001 | 107150 | ||
| 005 | 20240830130240.0 | ||
| 035 | |a (RuTPU)RU\TPU\book\115691 | ||
| 090 | |a 107150 | ||
| 100 | |a 20061219d1986 m y0rusy50 ca | ||
| 101 | 0 | |a rus | |
| 200 | 1 | |a С веком наравне |e сборник | |
| 210 | |a Москва |c Молодая гвардия |d 1966- | ||
| 675 | |a 73 |v 3 | ||
| 801 | 1 | |a RU |b 63413507 |c 20061219 |g PSBO | |
| 942 | |c BK | ||